[Event "20th EUR-ch"]
[Site "Skopje MKD"]
[Date "2019.03.27"]
[Round "9"]
[White "Kalezic, Blazo"]
[Black "Moroni, Luca jr"]
[Result "0-1"]
[WhiteElo "2460"]
[BlackElo "2564"]
[EventDate "2019.03.18"]
[Board "63"]
[PlyCount "108"]

1.e4 e5 2.Nf3 Nc6 3.Bb5 a6 4.Ba4 Nf6 5.O-O b5 6.Bb3 Bc5 7.a4 Rb8 8.c3 d6 
9.d4 Bb6 10.axb5 axb5 11.Na3 O-O 12.Nxb5 Bg4 13.d5 Ne7 14.Qe2 Nh5 15.Bd1 
Ng6 16.Qc4 Nhf4 17.g3 Bd7 18.Na3 Nh3+ 19.Kg2 f5 20.exf5 Rxf5 21.b4 Qf6 22.
Ra2 e4 23.Nd4 Ne5 24.Qe2 Bxd4 25.cxd4 Nf3 26.Qxe4 Re8 27.Bxf3 Rxe4 28.Bxe4
Qxd4 29.f3 Re5 30.Rd2 Qxb4 31.Rb2 Qa4 32.Rb8+ Kf7 33.g4 Ng5 34.Bxg5 Rxg5 
35.Nc2 h5 36.h3 Re5 37.Rb4 Qa6 38.Rf2 Qa5 39.Rd4 Qc3 40.Rd3 Qc5 41.Nd4 Qb6
42.Rc2 Kf6 43.Rf2 g6 44.Ne2 h4 45.Rc3 Re8 46.Nf4 g5 47.Nd3 Ra8 48.Rc1 Ra3 
49.Rfc2 Qd4 50.Nf2 Ba4 51.Rxc7 Ra2 52.Bc2 Qd2 53.Rd1 Qe2 54.Kg1 Bxc2 0-1

[Event "20th EUR-ch"]
[Site "Skopje MKD"]
[Date "2019.03.27"]
[Round "9"]
[White "Colovic, Aleksandar"]
[Black "Santos Ruiz, Miguel"]
[Result "1/2-1/2"]
[WhiteElo "2449"]
[BlackElo "2560"]
[EventDate "2019.03.18"]
[Board "64"]
[PlyCount "73"]

1.e4 c5 2.Nf3 d6 3.d4 cxd4 4.Nxd4 Nf6 5.Nc3 a6 6.Be2 e6 7.Be3 Qc7 8.Qd2 b5
9.f3 Nbd7 10.a3 h5 11.O-O-O Rb8 12.h3 h4 13.f4 Be7 14.Rhe1 Bb7 15.e5 dxe5 
16.fxe5 Nxe5 17.Bf4 Nfd7 18.Qe3 O-O 19.Nb3 Bd6 20.Rxd6 Qxd6 21.Rd1 Bd5 22.
Nd4 Rfe8 23.Nf3 f6 24.Rd4 b4 25.Ne4 Qf8 26.Nxf6+ gxf6 27.Bxe5 Nxe5 28.Nxe5
fxe5 29.Rg4+ Kf7 30.Qxe5 Qh6+ 31.Rg5 Rg8 32.Bh5+ Ke7 33.Qc7+ Kf6 34.Qf4+ 
Ke7 35.Qc7+ Kf6 36.Qf4+ Ke7 37.Qc7+ 1/2-1/2

[Event "20th EUR-ch"]
[Site "Skopje MKD"]
[Date "2019.03.27"]
[Round "9"]
[White "Kozak, Adam"]
[Black "Lomasov, Semyon"]
[Result "1/2-1/2"]
[WhiteElo "2445"]
[BlackElo "2559"]
[EventDate "2019.03.18"]
[Board "65"]
[PlyCount "95"]

1.Nf3 c5 2.c4 Nc6 3.g3 g6 4.Bg2 Bg7 5.Nc3 d6 6.d3 e6 7.h4 h6 8.Bd2 Nge7 9.
Qc1 b6 10.O-O Bb7 11.Rb1 Qd7 12.Nb5 a6 13.Bc3 e5 14.Na3 Nd4 15.Re1 Nxf3+ 
16.exf3 Nc6 17.Nc2 O-O 18.Qd2 b5 19.b3 d5 20.cxd5 Nd4 21.Bxd4 exd4 22.f4 
Bxd5 23.Bxd5 Qxd5 24.Na3 h5 25.Rbc1 Rfe8 26.Qc2 Rxe1+ 27.Rxe1 Rc8 28.Rc1 
Re8 29.Nb1 f5 30.Nd2 Bf8 31.Qd1 Bd6 32.a4 Kf7 33.Ra1 Qb7 34.Nf3 Ke7 35.
axb5 axb5 36.Ra2 Kd7 37.Kh2 Bc7 38.Kg1 Ra8 39.Re2 Qd5 40.Ne5+ Bxe5 41.Rxe5
Qc6 42.Qc1 Rc8 43.Qe1 Qd6 44.Qa5 Qc6 45.Qa7+ Rc7 46.Qb8 Rc8 47.Qa7+ Rc7 
48.Qb8 1/2-1/2

[Event "20th EUR-ch"]
[Site "Skopje MKD"]
[Date "2019.03.27"]
[Round "9"]
[White "Tsydypov, Zhamsaran"]
[Black "Kevlishvili, Robby"]
[Result "1-0"]
[WhiteElo "2551"]
[BlackElo "2461"]
[EventDate "2019.03.18"]
[Board "66"]
[PlyCount "81"]

1.e4 c5 2.Nf3 d6 3.d4 cxd4 4.Qxd4 a6 5.Be3 Nf6 6.Nc3 Ng4 7.Bg5 Nc6 8.Qd2 
h6 9.Bh4 g5 10.Bg3 Bg7 11.h4 gxh4 12.Rxh4 Be6 13.Nd5 Rc8 14.O-O-O Nge5 15.
Kb1 Nxf3 16.gxf3 Nd4 17.Qb4 Nxc2 18.Qa4+ Bd7 19.Qb3 Nd4 20.Qe3 Qa5 21.Bd3 
Ba4 22.Rh5 Rc5 23.Rc1 Bb3 24.axb3 Nxb3 25.Rxc5 Qa1+ 26.Kc2 Qxb2+ 27.Kd1 
Nxc5 28.Bc2 Qa1+ 29.Kd2 Bd4 30.Qe1 Qa5+ 31.Kd1 Qa3 32.Ke2 e6 33.Qd2 Qb2 
34.Bxd6 exd5 35.Bxc5 Qb5+ 36.Bd3 Qxc5 37.Rxd5 Qc3 38.Rxd4 Qxd4 39.Bb5+ 
axb5 40.Qxd4 O-O 41.Qb6 1-0

[Event "20th EUR-ch"]
[Site "Skopje MKD"]
[Date "2019.03.27"]
[Round "9"]
[White "Kadric, Denis"]
[Black "Yankelevich, Lev"]
[Result "1-0"]
[WhiteElo "2547"]
[BlackElo "2462"]
[EventDate "2019.03.18"]
[Board "67"]
[PlyCount "49"]

1.d3 e5 2.Nf3 d6 3.e4 f5 4.Nc3 c5 5.g3 Nc6 6.Bg2 Nf6 7.Nh4 fxe4 8.dxe4 Bg4
9.f3 Bd7 10.O-O Nd4 11.f4 Be7 12.fxe5 dxe5 13.Nf5 O-O 14.Bg5 Nxf5 15.exf5 
Bc6 16.Bxc6 bxc6 17.Qxd8 Rfxd8 18.Rac1 Bd6 19.Bxf6 gxf6 20.Ne4 Bc7 21.Nf2 
Bd6 22.c4 Re8 23.Rfe1 e4 24.Nxe4 Be7 25.Rcd1 1-0

[Event "20th EUR-ch"]
[Site "Skopje MKD"]
[Date "2019.03.27"]
[Round "9"]
[White "Kulaots, Kaido"]
[Black "Blohberger, Felix"]
[Result "1/2-1/2"]
[WhiteElo "2544"]
[BlackElo "2459"]
[EventDate "2019.03.18"]
[Board "68"]
[PlyCount "80"]

1.e4 e5 2.Nf3 Nc6 3.Bb5 g6 4.d4 exd4 5.Bg5 Be7 6.Bxe7 Qxe7 7.Bxc6 dxc6 8.
Qxd4 Nf6 9.Nc3 Bg4 10.Nd2 c5 11.Qd3 Bd7 12.Qe2 Bc6 13.f3 O-O-O 14.O-O-O 
Kb8 15.Nc4 b6 16.Rd2 Nh5 17.Rhd1 f6 18.Qe3 Rxd2 19.Qxd2 Re8 20.Qh6 Qg7 21.
Qxg7 Nxg7 22.Nd5 Re6 23.Nce3 Kc8 24.Nf4 Re7 25.Ned5 Rf7 26.Rd2 g5 27.Ne2 
f5 28.Ng3 fxe4 29.Nxe4 h6 30.Nef6 Kb7 31.Ng4 Nf5 32.Ne5 Bxd5 33.Rxd5 Rf8 
34.Nc4 Kc6 35.Rd3 Re8 36.a4 Re2 37.Rd2 Re1+ 38.Rd1 Re2 39.Rd2 Re1+ 40.Rd1 
Re2 1/2-1/2

[Event "20th EUR-ch"]
[Site "Skopje MKD"]
[Date "2019.03.27"]
[Round "9"]
[White "Grigoriants, Sergey"]
[Black "Janik, Igor"]
[Result "1-0"]
[WhiteElo "2543"]
[BlackElo "2454"]
[EventDate "2019.03.18"]
[Board "69"]
[PlyCount "57"]

1.Nf3 Nf6 2.c4 e6 3.Nc3 d5 4.d4 Bb4 5.Bg5 dxc4 6.e4 c5 7.Bxc4 cxd4 8.Nxd4 
Bxc3+ 9.bxc3 Qa5 10.Bb5+ Nbd7 11.Bxf6 Qxc3+ 12.Kf1 gxf6 13.h4 a6 14.Rh3 
Qb4 15.Be2 Ne5 16.Rb1 Qd6 17.Rc3 O-O 18.h5 Rd8 19.Rg3+ Kf8 20.Qb3 Bd7 21.
Rd1 Qc5 22.Qe3 Rac8 23.f4 Nc4 24.Bxc4 Qxc4+ 25.Kg1 Ke7 26.Kh2 Rc5 27.e5 f5
28.Rg7 Ba4 29.Nc6+ 1-0

[Event "20th EUR-ch"]
[Site "Skopje MKD"]
[Date "2019.03.27"]
[Round "9"]
[White "Zhigalko, Andrei"]
[Black "Warmerdam, Max"]
[Result "1-0"]
[WhiteElo "2541"]
[BlackElo "2448"]
[EventDate "2019.03.18"]
[Board "70"]
[PlyCount "53"]

1.e4 e5 2.Nf3 Nc6 3.Bb5 a6 4.Ba4 Nf6 5.O-O b5 6.Bb3 Bc5 7.a4 Rb8 8.Nxe5 
Nxe5 9.d4 Bxd4 10.Qxd4 d6 11.f4 Nc6 12.Qc3 Ne7 13.Qd3 O-O 14.axb5 axb5 15.
Nc3 c5 16.Nxb5 Nxe4 17.Qxe4 Rxb5 18.Ra7 Bd7 19.Qd3 Rb6 20.f5 Nc6 21.f6 
Rxb3 22.Qxb3 Nxa7 23.Qg3 g6 24.Qg5 Kh8 25.Rf4 Bg4 26.Rxg4 Qe8 27.Be3 1-0

[Event "20th EUR-ch"]
[Site "Skopje MKD"]
[Date "2019.03.27"]
[Round "9"]
[White "Shevchenko, Kirill"]
[Black "Druska, Juraj"]
[Result "1/2-1/2"]
[WhiteElo "2535"]
[BlackElo "2434"]
[EventDate "2019.03.18"]
[Board "71"]
[PlyCount "64"]

1.d4 d5 2.c4 e6 3.Nc3 Nf6 4.cxd5 Nxd5 5.e4 Nxc3 6.bxc3 c5 7.Rb1 cxd4 8.
cxd4 Nc6 9.Nf3 Bb4+ 10.Bd2 Bxd2+ 11.Qxd2 O-O 12.Bb5 Qd6 13.O-O b6 14.Rfd1 
Bb7 15.d5 Ne5 16.Nxe5 Qxe5 17.Bc6 Rab8 18.Bxb7 Rxb7 19.d6 Rd7 20.Rb4 Rc8 
21.Rd4 f6 22.g3 Qc5 23.Kg2 e5 24.Rd3 Qc2 25.f4 Rc4 26.Kf3 Qa4 27.Qe2 exf4 
28.gxf4 f5 29.exf5 Rxf4+ 30.Kg3 Re4 31.Qf3 h5 32.Qxh5 Qxa2 1/2-1/2

[Event "20th EUR-ch"]
[Site "Skopje MKD"]
[Date "2019.03.27"]
[Round "9"]
[White "Lobanov, Sergei"]
[Black "Gaehwiler, Gabriel"]
[Result "1/2-1/2"]
[WhiteElo "2526"]
[BlackElo "2414"]
[EventDate "2019.03.18"]
[Board "73"]
[PlyCount "58"]

1.e4 e5 2.Nf3 Nf6 3.d4 Nxe4 4.Bd3 d5 5.Nxe5 Nd7 6.Nxd7 Bxd7 7.O-O Bd6 8.c4
c6 9.cxd5 cxd5 10.Nc3 Nxc3 11.bxc3 O-O 12.Qh5 g6 13.Qxd5 Qc7 14.Bh6 Rfd8 
15.h4 Be6 16.Qf3 Qxc3 17.Bg5 Qxd4 18.Bxd8 Rxd8 19.Be4 h5 20.g3 Bg4 21.Qg2 
Be2 22.Rfb1 Be5 23.a4 Qxa1 24.Rxa1 Bxa1 25.Bxb7 Rd1+ 26.Kh2 Rf1 27.f3 Bd4 
28.Qxe2 Rf2+ 29.Qxf2 Bxf2 1/2-1/2

[Event "20th EUR-ch"]
[Site "Skopje MKD"]
[Date "2019.03.27"]
[Round "9"]
[White "Ruck, Robert"]
[Black "Soysal, Serkan"]
[Result "1/2-1/2"]
[WhiteElo "2521"]
[BlackElo "2405"]
[EventDate "2019.03.18"]
[Board "74"]
[PlyCount "105"]

1.Nf3 d5 2.d4 Nf6 3.c4 c6 4.Nc3 dxc4 5.a4 Bf5 6.Ne5 Nbd7 7.Nxc4 Nb6 8.Ne5 
a5 9.e3 Nbd7 10.Nc4 Qc7 11.Qf3 Bg6 12.e4 e5 13.dxe5 Nxe5 14.Qg3 Nfd7 15.
Be2 f6 16.O-O Bb4 17.Bf4 O-O 18.Bg4 Bf7 19.Ne3 Nc5 20.Bf5 Ncd3 21.Bxe5 
Nxe5 22.Ng4 Kh8 23.Qh4 Bg8 24.Ne2 Nxg4 25.Qxg4 g6 26.Be6 Bxe6 27.Qxe6 Rae8
28.Qc4 Qe5 29.Nc3 Bxc3 30.bxc3 Qxe4 31.Qc5 Qe5 32.Qb6 Re7 33.c4 Rfe8 34.h3
Qc7 35.Qb2 Qe5 36.Qb6 Qc7 37.Qb2 Kg7 38.Rab1 Qf4 39.Qc3 Qe5 40.Qxe5 fxe5 
41.Rfd1 Rf8 42.g3 e4 43.Rb3 g5 44.Kg2 h5 45.Rd4 g4 46.hxg4 hxg4 47.Re3 
Rfe8 48.Kf1 Kf6 49.Ke2 Kf5 50.Kf1 Rh8 51.Kg2 Ree8 52.Kf1 Rh1+ 53.Ke2 
1/2-1/2

[Event "20th EUR-ch"]
[Site "Skopje MKD"]
[Date "2019.03.27"]
[Round "9"]
[White "Zanan, Evgeny"]
[Black "Kamer, Kayra"]
[Result "1-0"]
[WhiteElo "2514"]
[BlackElo "2397"]
[EventDate "2019.03.18"]
[Board "75"]
[PlyCount "81"]

1.d4 Nf6 2.c4 g6 3.Nc3 Bg7 4.e4 d6 5.f3 O-O 6.Be3 c5 7.Nge2 Nc6 8.d5 Ne5 
9.Ng3 h5 10.Be2 h4 11.Nf1 e6 12.Bg5 exd5 13.Nxd5 h3 14.gxh3 Bxh3 15.Qd2 
Bg2 16.Rg1 Bxf3 17.Ng3 Bxe2 18.Qxe2 Nxd5 19.Bxd8 Nf4 20.Qc2 Nfd3+ 21.Kf1 
Raxd8 22.Kg2 b5 23.cxb5 d5 24.exd5 Rxd5 25.Rgf1 Rfd8 26.Qa4 Nxb2 27.Qxa7 
Rd2+ 28.Rf2 Rxf2+ 29.Kxf2 Rd2+ 30.Ne2 Nbd3+ 31.Kf1 Nc4 32.Qa8+ Kh7 33.Qf3 
Nde5 34.Qg3 Bh6 35.Rb1 Ng4 36.b6 Nge3+ 37.Kf2 Nf5 38.b7 Nd4 39.Re1 Nb2 40.
b8=Q Nd3+ 41.Qxd3 1-0

[Event "20th EUR-ch"]
[Site "Skopje MKD"]
[Date "2019.03.27"]
[Round "9"]
[White "Radovanovic, Nikola"]
[Black "Zoler, Dan"]
[Result "1/2-1/2"]
[WhiteElo "2426"]
[BlackElo "2513"]
[EventDate "2019.03.18"]
[Board "76"]
[PlyCount "124"]

1.d4 d5 2.c4 c6 3.Nc3 Nf6 4.e3 g6 5.Nf3 Bg7 6.Be2 O-O 7.O-O e6 8.Qc2 Nbd7 
9.e4 dxe4 10.Nxe4 Nxe4 11.Qxe4 c5 12.Be3 cxd4 13.Bxd4 e5 14.Bc3 Qe7 15.b3 
Re8 16.Rad1 Nc5 17.Qe3 b6 18.Ne1 Bb7 19.Nc2 a5 20.Bf3 e4 21.Be2 Rad8 22.
Bxg7 Kxg7 23.Rd4 Rxd4 24.Qxd4+ Qf6 25.Rd1 Qxd4 26.Rxd4 Kf6 27.f4 exf3 28.
Bxf3 Bxf3 29.Rf4+ Kg5 30.Rxf3 Re2 31.Rf2 Rxf2 32.Kxf2 Nd3+ 33.Ke3 Nc1 34.
b4 Nxa2 35.c5 axb4 36.cxb6 b3 37.Na3 Nb4 38.b7 Na6 39.Kd4 Kf4 40.Kd5 Ke3 
41.Kc6 Kd4 42.Kb6 Nc5 43.b8=N Ne4 44.Nc6+ Ke3 45.Nc4+ Kf2 46.g4 Kg2 47.Nd4
Kxh2 48.Nxb3 Kg3 49.Kc6 Kxg4 50.Kd5 f5 51.Kd4 Kg3 52.Ke3 Nf6 53.Ne5 f4+ 
54.Ke2 g5 55.Nd4 h5 56.Kf1 g4 57.Ne2+ Kh2 58.Nxf4 h4 59.Nxg4+ Nxg4 60.Ng2 
h3 61.Nf4 Kg3 62.Nxh3 Kxh3 1/2-1/2

[Event "20th EUR-ch"]
[Site "Skopje MKD"]
[Date "2019.03.27"]
[Round "9"]
[White "Nikitenko, Mihail"]
[Black "Sanal, Vahap"]
[Result "1/2-1/2"]
[WhiteElo "2408"]
[BlackElo "2511"]
[EventDate "2019.03.18"]
[Board "77"]
[PlyCount "109"]

1.e4 e5 2.Nf3 Nc6 3.d4 exd4 4.Nxd4 Bc5 5.Nb3 Bb6 6.Nc3 Nf6 7.Qe2 O-O 8.Bg5
h6 9.Bh4 a5 10.a4 Nd4 11.Qd3 Nxb3 12.cxb3 c6 13.O-O-O Re8 14.Qc2 Bc7 15.
Bc4 Be5 16.Rhe1 Qc7 17.Kb1 d6 18.Bg3 Bxg3 19.hxg3 Be6 20.Qd2 Qb6 21.Qe3 
Qxe3 22.Rxe3 Ng4 23.Re2 Rad8 24.Red2 Kf8 25.Bxe6 Rxe6 26.f3 Nf6 27.g4 Ne8 
28.Rd4 Ra8 29.b4 Ke7 30.bxa5 Rxa5 31.Rb4 Ra7 32.Ne2 Re5 33.Rbd4 Ra8 34.Nc3
Rg5 35.R1d2 Rd8 36.Nd1 Ra5 37.Ne3 g6 38.Rb4 Ra7 39.Nd1 Nc7 40.Nc3 Ne6 41.
Kc2 Rh8 42.g3 h5 43.gxh5 Rxh5 44.Kd3 Rh3 45.Rg2 Kd7 46.Ke3 Rh1 47.Rd2 Ke7 
48.Rc4 f5 49.Ne2 Ra1 50.exf5 gxf5 51.Rh4 d5 52.Rh7+ Kf6 53.Rh6+ Kf7 54.Nd4
Nxd4 55.Rxd4 1/2-1/2

[Event "20th EUR-ch"]
[Site "Skopje MKD"]
[Date "2019.03.27"]
[Round "9"]
[White "Serarols Mabras, Bernat"]
[Black "Demuth, Adrien"]
[Result "0-1"]
[WhiteElo "2363"]
[BlackElo "2510"]
[EventDate "2019.03.18"]
[Board "78"]
[PlyCount "64"]

1.d4 d5 2.c4 c6 3.Nf3 Nf6 4.e3 Bf5 5.Nc3 e6 6.Be2 h6 7.Bd3 Bxd3 8.Qxd3 
Nbd7 9.O-O Bb4 10.b3 O-O 11.Bb2 Re8 12.Rfd1 a5 13.a3 Bxc3 14.Qxc3 a4 15.c5
Ne4 16.Qc2 axb3 17.Qxb3 b6 18.cxb6 Qxb6 19.Qc2 Reb8 20.Bc1 c5 21.dxc5 Qxc5
22.Qd3 Qc3 23.Qxc3 Nxc3 24.Re1 Nc5 25.Bd2 N3e4 26.Ra2 Rb7 27.a4 Rba7 28.a5
Nxd2 29.Nxd2 Rxa5 30.Rxa5 Rxa5 31.h3 Nd3 32.Rd1 Ra2 0-1

[Event "20th EUR-ch"]
[Site "Skopje MKD"]
[Date "2019.03.27"]
[Round "9"]
[White "Keymer, Vincent"]
[Black "Ozen, Deniz"]
[Result "1-0"]
[WhiteElo "2509"]
[BlackElo "2393"]
[EventDate "2019.03.18"]
[Board "79"]
[PlyCount "177"]

1.d4 d5 2.c4 c6 3.Nf3 Nf6 4.e3 Bg4 5.cxd5 cxd5 6.Nc3 Bxf3 7.Qxf3 e6 8.Bd3 
Nc6 9.O-O Bd6 10.Bd2 O-O 11.Qh3 g6 12.f4 Bb4 13.g4 h5 14.gxh5 Nxh5 15.Rf2 
Kg7 16.f5 exf5 17.Rg2 Bxc3 18.bxc3 Rh8 19.Qxf5 Qd6 20.Rf1 Raf8 21.e4 dxe4 
22.Qxe4 a6 23.Bg5 f5 24.Qf3 b5 25.Re1 b4 26.Bc4 Re8 27.Rge2 Rxe2 28.Rxe2 
Rc8 29.Be6 Re8 30.d5 Nd8 31.Qe3 Nxe6 32.dxe6 bxc3 33.Qxc3+ Kh7 34.Qc4 Qd1+
35.Kf2 Qd6 36.Kg2 f4 37.e7 Kg7 38.Qe6 Qd3 39.Qe5+ Kh7 40.Rf2 Qd7 41.h3 
Qc6+ 42.Kh2 Qd7 43.Qe4 Qd6 44.Kg2 Qa3 45.Qf3 Qc5 46.h4 Rxe7 47.Bxe7 Qxe7 
48.Qg4 Qe4+ 49.Kh2 Qe5 50.Re2 Qc7 51.Qf3 Kh6 52.Re6 a5 53.Qc6 Qg7 54.Qb5 
Kh7 55.Rd6 Qa1 56.Qe2 f3 57.Rd7+ Ng7 58.Qxf3 Qxa2+ 59.Kg3 Qe6 60.Rc7 Qe1+ 
61.Kh3 Qe6+ 62.Kg2 Qa2+ 63.Kg3 Qe6 64.Ra7 Qe5+ 65.Kg2 Qb2+ 66.Kh3 Qe5 67.
Ra6 Qb5 68.Rd6 Nf5 69.Rd5 Qc4 70.Rd7+ Kh6 71.Qf2 Qc3+ 72.Kh2 Qe5+ 73.Kg1 
Qe4 74.Qd2+ Qe3+ 75.Qxe3+ Nxe3 76.Kh2 Nf5 77.Kh3 g5 78.Kg4 Ne3+ 79.Kf3 Nf5
80.Rd5 g4+ 81.Kf4 Nxh4 82.Rd6+ Kg7 83.Kg5 Nf3+ 84.Kxg4 Ne5+ 85.Kf5 Nf7 86.
Rd7 Kg8 87.Kf6 Nh8 88.Ra7 a4 89.Rxa4 1-0

[Event "20th EUR-ch"]
[Site "Skopje MKD"]
[Date "2019.03.27"]
[Round "9"]
[White "Protopopova, Anastasiya"]
[Black "Arizmendi Martinez, Julen Luis"]
[Result "0-1"]
[WhiteElo "2263"]
[BlackElo "2506"]
[EventDate "2019.03.18"]
[Board "80"]
[PlyCount "52"]

1.Nf3 Nf6 2.c4 g6 3.Nc3 Bg7 4.e4 d6 5.d4 O-O 6.h3 Na6 7.Be3 Qe8 8.Be2 e5 
9.d5 Nh5 10.Nd2 Nf4 11.Bf1 f5 12.Nb3 b6 13.a3 Rb8 14.Qc2 Nc5 15.Nd2 fxe4 
16.Ndxe4 Nxe4 17.Nxe4 Bf5 18.g4 Bxe4 19.Qxe4 c5 20.a4 Qd7 21.Kd2 Bf6 22.
Kc2 Bh4 23.Rh2 Rf7 24.b3 Rbf8 25.Rd1 Qb7 26.Rh1 Rf6 0-1

[Event "20th EUR-ch"]
[Site "Skopje MKD"]
[Date "2019.03.27"]
[Round "9"]
[White "Quparadze, Giga"]
[Black "Shubin, Kirill"]
[Result "0-1"]
[WhiteElo "2501"]
[BlackElo "2370"]
[EventDate "2019.03.18"]
[Board "81"]
[PlyCount "35"]

1.Nf3 Nf6 2.g3 b5 3.Bg2 Bb7 4.O-O e6 5.d3 c5 6.e4 d6 7.a4 b4 8.e5 dxe5 9.
Nxe5 Bxg2 10.Kxg2 Qd5+ 11.Qf3 Bd6 12.Nc4 Be7 13.Nbd2 Nc6 14.Nb3 O-O 15.Re1
Rac8 16.h4 h6 17.a5 Rfd8 18.Bf4 0-1

[Event "20th EUR-ch"]
[Site "Skopje MKD"]
[Date "2019.03.27"]
[Round "9"]
[White "Mamedov, Rauf"]
[Black "Megalios, Konstantinos"]
[Result "1-0"]
[WhiteElo "2701"]
[BlackElo "2416"]
[EventDate "2019.03.18"]
[Board "82"]
[PlyCount "107"]

1.e4 e5 2.Nf3 Nc6 3.Bc4 Nf6 4.d3 Be7 5.O-O O-O 6.Re1 d6 7.a4 Kh8 8.a5 a6 
9.h3 Ng8 10.Nc3 f5 11.Nd5 Bf6 12.c3 fxe4 13.dxe4 Nce7 14.Nxf6 Nxf6 15.Ng5 
Qe8 16.Qb3 h6 17.Ne6 Bxe6 18.Bxe6 Ng6 19.g3 Nh4 20.Re3 Qg6 21.Qc2 Rae8 22.
Bf5 Nxf5 23.exf5 Qf7 24.g4 d5 25.b3 c5 26.Ba3 Qc7 27.b4 Ne4 28.bxc5 Nxc5 
29.Rd1 Rd8 30.Bxc5 Qxc5 31.Rxe5 Qxa5 32.Qb2 b5 33.Re6 Rfe8 34.Ra1 Qc7 35.
Raxa6 Qc4 36.Qd2 Rxe6 37.Rxe6 d4 38.cxd4 Rxd4 39.Qe2 Qxe2 40.Rxe2 Kg8 41.
Re7 b4 42.Kg2 Rd1 43.Rb7 Rb1 44.h4 b3 45.g5 hxg5 46.hxg5 Kf8 47.Kf3 Rb2 
48.g6 Rb1 49.Kf4 Rb2 50.f3 Rb1 51.Rb8+ Ke7 52.Rg8 b2 53.Rxg7+ Kd6 54.Rb7 
1-0

[Event "20th EUR-ch"]
[Site "Skopje MKD"]
[Date "2019.03.27"]
[Round "9"]
[White "Kourkoulos-Arditis, Stamatis"]
[Black "Lagarde, Maxime"]
[Result "1-0"]
[WhiteElo "2435"]
[BlackElo "2631"]
[EventDate "2019.03.18"]
[Board "83"]
[PlyCount "93"]

1.d4 Nc6 2.d5 Ne5 3.e4 e6 4.dxe6 fxe6 5.Nc3 Nf7 6.f4 Bc5 7.Nf3 d5 8.exd5 
Nf6 9.Bb5+ Kf8 10.dxe6 Bxe6 11.Qxd8+ Rxd8 12.Bd2 Nd6 13.O-O-O Nxb5 14.Nxb5
Bc4 15.Nc3 Re8 16.Ne5 Be6 17.Rde1 Bf5 18.a3 a6 19.Be3 Bd6 20.Nc4 Be7 21.
Bd4 b5 22.Ne3 Be6 23.Be5 c6 24.Rd1 Kf7 25.Rhe1 h5 26.Ne2 c5 27.h3 Bc8 28.
Ng3 Kg6 29.Nd5 Bd8 30.Ne4 Nxe4 31.Rxe4 Kf7 32.b3 Rh6 33.Re3 Rg6 34.Rd2 Bb7
35.Rc3 c4 36.bxc4 Ba5 37.Nb4 Rxg2 38.Rxg2 Bxg2 39.Rg3 Bf1 40.Nxa6 g6 41.
cxb5 Bxb5 42.Nc5 Be1 43.Rb3 Bf1 44.Ne4 Ra8 45.Rb7+ Ke6 46.Ng5+ Kd5 47.Rd7+
1-0

[Event "20th EUR-ch"]
[Site "Skopje MKD"]
[Date "2019.03.27"]
[Round "9"]
[White "Tica, Sven"]
[Black "Paichadze, Luka"]
[Result "1-0"]
[WhiteElo "2416"]
[BlackElo "2576"]
[EventDate "2019.03.18"]
[Board "84"]
[PlyCount "63"]

1.d4 f5 2.g3 Nf6 3.Bg2 g6 4.Nf3 Bg7 5.O-O O-O 6.b3 c5 7.c4 Ne4 8.Bb2 Nc6 
9.e3 e6 10.Nc3 b6 11.h4 d5 12.cxd5 exd5 13.Ne2 Ba6 14.Re1 Re8 15.Nf4 Rc8 
16.Rc1 c4 17.Ng5 Qd6 18.Nxe4 fxe4 19.f3 cxb3 20.fxe4 dxe4 21.Qxb3+ Kh8 22.
Ba3 Qf6 23.Qa4 Na5 24.Nd5 Qf7 25.Nc7 Bd3 26.Nxe8 Rxe8 27.Rc7 Qg8 28.Bd6 
Nc4 29.Bf4 a5 30.Rf1 Rb8 31.Qc6 b5 32.Rxg7 1-0

[Event "20th EUR-ch"]
[Site "Skopje MKD"]
[Date "2019.03.27"]
[Round "9"]
[White "Kacharava, Nikolozi"]
[Black "Alonso Rosell, Alvar"]
[Result "1/2-1/2"]
[WhiteElo "2424"]
[BlackElo "2559"]
[EventDate "2019.03.18"]
[Board "85"]
[PlyCount "100"]

1.e4 e5 2.Nf3 Nc6 3.Bc4 Bc5 4.c3 Nf6 5.d3 d6 6.O-O a6 7.Nbd2 O-O 8.a4 h6 
9.Re1 a5 10.Nf1 Be6 11.Ng3 Bxc4 12.dxc4 Qd7 13.Nf5 Ne7 14.Nxe7+ Qxe7 15.
Nh4 Qe6 16.Qd3 Kh7 17.Nf5 Ng4 18.Be3 Nxe3 19.Nxe3 g6 20.Qd5 Qe7 21.Rab1 c6
22.Qd3 Qe6 23.Red1 f5 24.exf5 gxf5 25.b4 axb4 26.cxb4 Bxe3 27.fxe3 Rxa4 
28.Qxd6 Qxd6 29.Rxd6 Rf7 30.c5 f4 31.exf4 exf4 32.Rb2 Ra1+ 33.Kf2 Kg7 34.
Rb3 Ra2+ 35.Kf3 Ra1 36.h4 Rh1 37.Rbd3 Rf1+ 38.Kg4 Rg1 39.Kf3 Rf1+ 40.Ke2 
Rb1 41.h5 Rxb4 42.Rg6+ Kh7 43.Rdd6 Rc4 44.Rxh6+ Kg8 45.Rhg6+ Kh7 46.Rg5 
Rg7 47.Rxg7+ Kxg7 48.Rg6+ Kf7 49.Rg5 Kf6 50.Rg6+ Kf7 1/2-1/2

[Event "20th EUR-ch"]
[Site "Skopje MKD"]
[Date "2019.03.27"]
[Round "9"]
[White "Thybo, Jesper Sondergaard"]
[Black "Ioannidis, Evgenios"]
[Result "1-0"]
[WhiteElo "2525"]
[BlackElo "2412"]
[EventDate "2019.03.18"]
[Board "87"]
[PlyCount "85"]

1.d4 Nf6 2.c4 g6 3.Nc3 Bg7 4.e4 d6 5.h3 O-O 6.Be3 Na6 7.g4 c5 8.Nge2 b6 9.
Bg2 Bb7 10.d5 Nc7 11.O-O a6 12.a4 Nd7 13.f4 b5 14.axb5 axb5 15.cxb5 Rxa1 
16.Qxa1 Qa8 17.Rb1 f5 18.exf5 gxf5 19.g5 Nb6 20.Qxa8 Rxa8 21.b4 Ncxd5 22.
Nxd5 Nxd5 23.bxc5 dxc5 24.Bxc5 Ra2 25.Re1 e6 26.Bf2 Kf7 27.h4 Rb2 28.b6 
Ba6 29.Bxd5 exd5 30.Ng3 Bc3 31.Rc1 Bd2 32.Rc7+ Ke6 33.Nh5 d4 34.Bxd4 Rb1+ 
35.Kg2 Bd3 36.Rc5 Be4+ 37.Kf2 Be1+ 38.Ke2 Bb4 39.Re5+ Kd6 40.Ng3 Re1+ 41.
Kf2 Rd1 42.Nxe4+ fxe4 43.b7 1-0

[Event "20th EUR-ch"]
[Site "Skopje MKD"]
[Date "2019.03.27"]
[Round "9"]
[White "Potapov, Pavel"]
[Black "Berzinsh, Roland"]
[Result "1-0"]
[WhiteElo "2517"]
[BlackElo "2397"]
[EventDate "2019.03.18"]
[Board "88"]
[PlyCount "71"]

1.e4 e5 2.Nf3 Nc6 3.Bb5 a6 4.Ba4 Nf6 5.O-O Be7 6.Re1 b5 7.Bb3 O-O 8.d3 d6 
9.a3 h6 10.h3 Re8 11.Nc3 Bf8 12.Be3 Be6 13.Nd5 Bxd5 14.exd5 Ne7 15.c4 g6 
16.a4 bxc4 17.dxc4 a5 18.Bd2 Bg7 19.Bc3 c5 20.dxc6 Nxc6 21.c5 e4 22.Nd4 
Ne5 23.Nb5 Nd3 24.Nxd6 Re7 25.Bxf6 Bxf6 26.Qg4 Kf8 27.Red1 h5 28.Qg3 Rb8 
29.Nxe4 Rxb3 30.Nxf6 Qd4 31.Ra3 h4 32.Qf3 Rxa3 33.bxa3 Re1+ 34.Rxe1 Nxe1 
35.Qc6 Nd3 36.Qe8+ 1-0

[Event "20th EUR-ch"]
[Site "Skopje MKD"]
[Date "2019.03.27"]
[Round "9"]
[White "Mirzoev, Emil"]
[Black "Atakisi, Umut"]
[Result "1/2-1/2"]
[WhiteElo "2511"]
[BlackElo "2403"]
[EventDate "2019.03.18"]
[Board "89"]
[PlyCount "80"]

1.e4 c5 2.Nc3 g6 3.g3 Bg7 4.Bg2 Nc6 5.d3 d6 6.Nge2 Nf6 7.O-O O-O 8.h3 Rb8 
9.f4 Bd7 10.g4 b5 11.Ng3 b4 12.Nce2 a5 13.Be3 Ne8 14.c3 bxc3 15.bxc3 Nc7 
16.d4 cxd4 17.cxd4 a4 18.Qd2 Nb5 19.e5 Qa5 20.Qxa5 Nxa5 21.Ne4 Rfc8 22.
Rfc1 Nc4 23.Bf2 Nb2 24.Rxc8+ Rxc8 25.Rc1 Rxc1+ 26.Nxc1 Nd1 27.Bh4 Nxd4 28.
Bxe7 dxe5 29.Nf6+ Bxf6 30.Bxf6 Ne3 31.Bxe5 Nxg2 32.Kxg2 Nc6 33.Bf6 Nb4 34.
Kg3 Nd5 35.Bd4 Bb5 36.Kf3 f5 37.a3 Bc4 38.Be5 Kf7 39.gxf5 gxf5 40.Ne2 Bd3 
1/2-1/2

[Event "20th EUR-ch"]
[Site "Skopje MKD"]
[Date "2019.03.27"]
[Round "9"]
[White "Neverov, Valeriy"]
[Black "Drnovsek, Gal"]
[Result "1-0"]
[WhiteElo "2496"]
[BlackElo "2402"]
[EventDate "2019.03.18"]
[Board "90"]
[PlyCount "79"]

1.d4 Nf6 2.Nf3 d5 3.Bf4 c5 4.c3 e6 5.e3 Bd6 6.Bg3 Qc7 7.Nbd2 Nbd7 8.Bd3 
O-O 9.Qb1 h6 10.Nh4 b6 11.Bxd6 Qxd6 12.O-O e5 13.f4 e4 14.Be2 Nb8 15.Qe1 
Nc6 16.h3 cxd4 17.exd4 Ne7 18.g4 g5 19.Ng2 Ng6 20.Qg3 Bd7 21.Kh2 e3 22.
fxg5 Qxg3+ 23.Kxg3 hxg5 24.Rxf6 exd2 25.Rd1 Kg7 26.Rd6 Be6 27.Bf3 Rfd8 28.
Rxd8 Rxd8 29.Rxd2 Kf6 30.Rf2 Ke7 31.Be2 Nf8 32.Bd3 Nd7 33.Ne3 Nf6 34.Nf5+ 
Kd7 35.Nh6 Ke7 36.Nf5+ Kd7 37.Ng7 Ne4+ 38.Bxe4 dxe4 39.b3 Ke7 40.Re2 1-0

[Event "20th EUR-ch"]
[Site "Skopje MKD"]
[Date "2019.03.27"]
[Round "9"]
[White "Zarubitski, Viachaslau"]
[Black "Enchev, Ivajlo"]
[Result "1-0"]
[WhiteElo "2404"]
[BlackElo "2490"]
[EventDate "2019.03.18"]
[Board "91"]
[PlyCount "79"]

1.e4 e5 2.Nf3 Nc6 3.Bb5 a6 4.Ba4 d6 5.O-O Bd7 6.c3 g6 7.d4 Bg7 8.d5 Nce7 
9.Bxd7+ Qxd7 10.Be3 h6 11.Nfd2 f5 12.f3 Nf6 13.c4 b5 14.Nc3 O-O 15.Qb3 
Rfb8 16.c5 Kh8 17.c6 Qe8 18.Qc2 b4 19.Ne2 a5 20.Kh1 Nexd5 21.exd5 Nxd5 22.
Bg1 Ra6 23.Rac1 Ne7 24.Qa4 Nxc6 25.Rc2 b3 26.Nxb3 Rb4 27.Qa3 Qb8 28.Rfc1 
Qb5 29.Nc3 Qc4 30.Nd2 Qd3 31.Nd1 Qb5 32.Qe3 Qb7 33.Qd3 e4 34.fxe4 Ne5 35.
Qh3 c5 36.a3 Rbb6 37.exf5 gxf5 38.Qxf5 Ra8 39.Qe4 Qa6 40.Nc4 1-0